| 000 | 00396 a2200157 4500 | ||
|---|---|---|---|
| 005 | 20250524103109.0 | ||
| 020 | _a0-256-20464 0 | ||
| 082 | _a658.8 BER | ||
| 100 | _aBERNHARDT, K. L. | ||
| 245 | _aCases in Marketing Management. | ||
| 250 | _a7th Ed | ||
| 260 |
_aNew York, _bIrwin, _c1997. |
||
| 300 |
_axiv, 665p.: ill.; picture, table _c24cm. |
||
| 700 | _aKEINNEAR, T. C. | ||
| 942 |
_2ddc _cBKS |
||
| 999 |
_c2628 _d2628 |
||